00247nam a2200109Ia 4500008004100000100001300041245002600054260001900080260000900099546001200108999001700120170619s9999 xx 000 0 und d aKumar- S 0aBuilding Construction bStandarrd Pub. c2012 aENGLISH c21575d21575